| 000 | 00920nam a22002175i 4500 | ||
|---|---|---|---|
| 001 | 168663 | ||
| 003 | ES-MaACL | ||
| 005 | 20230906213840.0 | ||
| 008 | 080430s2005 sp |||| | spa d | ||
| 020 | _a84-609-3575-2 | ||
| 080 | _a351.744(460:234 Toledo)(091) | ||
| 080 | _a338.43(460:234 Toledo):638.1(091) | ||
| 100 | 1 |
_aGómez Vozmediano, Miguel Fernando. _9137737 |
|
| 245 | 1 | 3 |
_aLa apicultura en los Montes de Toledo _b: cultura y tradición / _cMiguel Fernando Gómez Vozmediano, Ramón Sánchez González. |
| 260 |
_a[Toledo] : _bAsociación para el Desarrollo Integrado del Territorio Montes de Toledo, _c[2005] |
||
| 300 |
_a558 p. : _bil. ; _c24 cm. |
||
| 610 | 1 | 4 |
_aHermandad Vieja de Toledo, Talavera y Villarreal- _xHistoria. _9137738 |
| 650 | 1 | 4 |
_aApicultura- _zMontes de Toledo (España)- _vHistoria. _9137739 |
| 700 | 1 |
_aSánchez González, Ramón. _9137740 |
|
| 852 |
_aES-MaACL _jL-29406 _9R.142768 |
||
| 999 |
_c168663 _d168663 |
||